Heal yourself : a method based on homeopathy & acupuncture

Bibliographic Details
Main Author: Smith, Margaret Tottle
Format: Book
Published: USA : Health Harmony , 2006
Subjects:

MARC

LEADER 00000cam a2200000 7i4500
001 0000043522
005 20141127.0
008 141127
020 |a 8131905074 
090 0 0 |a 616.72206   |b SMI 
100 1 |a Smith, Margaret Tottle 
245 1 0 |a Heal yourself :   |b a method based on homeopathy & acupuncture   |c Margaret Tottle-Smith 
260 |a USA :   |b Health Harmony ,   |c 2006 
650 0 |a Acupuncture 
650 0 |a Homeopathy   |x Medicine 
999 |a 0001263252   |b Book   |c Annual Reports   |e Cawangan Taman Sri Lambak 
999 |a 0001263253   |b Book   |c Adult Collection   |e Cawangan Bandar Penawar 
999 |a 0001263254   |b Book   |c Adult Collection   |e Cawangan Muar 
999 |a 0001263255   |b Book   |c Adult Collection   |e Cawangan Bandar Tenggara 
999 |a 0001263256   |b Book   |c Adult Collection   |e Cawangan Tangkak 
999 |a 0001263257   |b Book   |c Adult Collection   |e Cawangan Mersing 
999 |a 0001263258   |b Book   |c Adult Collection   |e Cawangan Bukit Gambir 
999 |a 0001263259   |b Book   |c Adult Collection   |e Cawangan Kota Tinggi 
999 |a 0001263260   |b Book   |c Adult Collection   |e Cawangan Segamat 
999 |a 0001281399   |b Book   |c Adult Collection   |e Cawangan Pontian 
999 |a 0001281401   |b Book   |c Adult Collection   |e Cawangan Tmn. Ungku Tun Aminah 
999 |a 0001281402   |b Book   |c Adult Collection   |e Cawangan AEON Kulaijaya 
999 |a 0001296137   |b Book   |c Adult Collection   |e Perbadanan Perpustakaan Awam Johor